Estadísticas para Concursantes OT 2017

Haz click aquí para intentar la prueba.

Estadísticas generales

  • Esta prueba ha sido intentada 143 veces
  • La puntuación promedio es 14 de 16

Estadísticas de respuestas

Respuesta% Correcto
Aitana Ocaña
100%
Amaia Romero
99%
Mimi Doblas
96%
Ana Guerra
94%
Alfred García
92%
Luis Cepeda
92%
Miriam Rodríguez
90%
Agoney Hernández
89%
Roi Méndez
87%
Raoul Vázquez
81%
Nerea Rodríguez
76%
Thalía Garrido
75%
Marina Rodríguez
73%
Mireya Bravo
73%
Juan Antonio Cortés
72%
Ricky Merino
69%

Distribución de puntuación

Porcentaje por número respondido

Porcentaje de gente con cada puntuación

Historial de tus puntuaciones

No has intentado esta prueba.